000 00935nam a22002177a 4500
001 572
005 20240119151613.0
020 _a9780545484923
040 _aFISKH
_beng
_cFISKH
_dFISKH
050 _aPZ7.M50
082 _aFic
100 _aMeadows, Daisy
245 _aLindsay the luck fairy
_cby Daisy Meadows
260 _aAllen :
_bScholastic.
_c2013.
300 _a169 pages ;
_c20 cm
505 _aK
520 _a"St. patrick's Day is full of magic, and Lindsay the Luck Fairy is the one who keeps it that way! But when Jack Frost's goblins steals her special lucky charms, Lindsay's luck runs out. now everyone, everywhere will have a horribly unlucky St. Patrick's Day! Rachel and Kirsty are determined to help Lindsay find her magic. But where do they start? And without luck on their side, do they stand a chance of outsmarting the govlins?"
521 _a550
_bLexile
521 _aK
_bRaz-Plus
942 _2ddc
_cBK
_n0
999 _c572
_d572